000 00487 a2200169 4500
040 _aDLC
_bDLC
082 _a515.905
100 _aBrown, James Ward.
245 _aComplex variables and applications
_cJames Ward Brown
250 _a7th ed
260 _aIslamabad :
_bNational Book Foundation.
300 _axvi, 458 p.
_b: ill.
_c; 25 cm.
500 _aIncludes Index
650 _aFunctions of complex variables.
700 _a Ruel Vance. Churchill,
942 _cBK
_k 515.905 BRO
_2ddc
999 _c7613
_d7613